Okonomiske analyser 1/99 okonomisk utsyn over aret 1998

Enregistré dans:
Détails bibliographiques
Format: Livre
Langue:norvégien
anglais
Publié: Oslo Statistisk sentralbyra 1999
Sujets:
Tags: Ajouter un tag
Pas de tags, Soyez le premier à ajouter un tag!

MARC

LEADER 00000nam a2200000 4500
001 c108139
005 20221213133851.6
020 |a 82-537-4637-7 
022 |a 0800-4110 
041 0 |a nor 
041 0 |a eng 
044 |a NO 
245 1 0 |a Okonomiske analyser 1/99  |b okonomisk utsyn over aret 1998 
264 1 |a Oslo  |b Statistisk sentralbyra  |c 1999 
300 |a 91 s. 
610 2 0 |a štatistika 
610 2 0 |a ukazovatele štatistické 
610 2 0 |a údaje štatistické 
610 2 0 |a hospodárstvo národné 
610 2 0 |a porovnanie medzinárodné 
610 2 0 |a investície 
610 2 0 |a politika hospodárska 
610 2 0 |a ukazovatele ekonomické 
610 2 0 |a Nórsko 
610 2 0 |a 1999